00595nam a2200193Ia 4500008004100000020002600041040001900067041001200086082002800098245008700126260002400213300005400237504003400291630002200325630001100347650000800358651001400366850002100380140110s9999 xx 000 0 und d a9780199544196cRs 995 aLoreto College aEnglish a379.26/UNEbLCLIB/47951 aEFA Global Monitoring Report 2009bOvercoming inequality : why governance matters aParisbUNESCOc2008 ax,463pb Tables, figures, maps, text boxesc26 cm aIncludes references and index aEducation For All aUNESCO aEFA aEducation aLCLIB/379.26/UNE